Quizzes
Events
Quiz Creation
Community
Videos
Private Events
Remove Ads
Sign In
Join for FREE
Feedback
Dark Mode
Quiz Categories
Sports
Geography
Music
Movies
Television
Just For Fun
Miscellaneous
History
Literature
Language
Science
Gaming
Entertainment
Religion
Holiday
For Kids
Quiz Lab
Recent
Popular Today
Quiz Kudos Today
Editor Picks
Curator Picks
Quizzes by...
Day
Popularity
Type
Ratings
Length
Year
Community
Subscriptions
Recent Discussions
Orange Saloon
Badges
Playlists
Quests
Create
Leaderboards
Showdown
Live 5
Trivia Bingo
Activity
Puzzle Library
Sporcle Events
Private Events
Virtual Trivia
Globe League
Become a Host
Pub Owners
SporcleCon
Opinionation
Our Games
Videos
Blog
Mobile Apps
Partnerships
Remove Ads and Go Orange
Feedback
History
US Presidents
World Leaders
Politics
Nation
Discovery
War
Decade
Year
Century
Biography
Art
History
US Presidents
World Leaders
Politics
Nation
Discovery
War
Decade
Year
Century
Biography
Art
Random Quiz
Search Sporcle
×
Quiz Lab
Quiz Lab
History
marriage
Type in answers that appear in a list
Type in answers that appear in a list
Classic
Best Score? Go Orange.
British Princesses by Marriage Stats
Can you name the British Princesses by Marriage?
By
HopeRebron
10m
31 Questions
422 Plays
422 Plays
422 Plays
Comments
Comments
Give Quiz Kudos
Give Quiz Kudos
-
- Ratings
hide this ad
More Info
Replay
Link that replays current quiz
Next Quiz
Link to next quiz in quiz playlist
You Got
0%
They Got
Avg Score
79%
Avg Friend Score
Upgrade to see
Score Distribution
Jump to the score distribution portion of the page
Score
0/31
Timer
10:00
0
Plays Today
Husband
Answer
% Correct
Charles, Prince of Wales
Lady Diana Spencer
95%
Prince Edward, Duke of Edinburgh
Sophie Rhys-Jones
95%
George, Crown Prince of Hanover, later King George V
Princess Marie of Saxe-Altenburg
94.3%
Prince Harry, Duke of Sussex
Meghan Markle
94.3%
Prince Charles Edward, Duke of Albany
Princess Victoria Adelaide of Schleswig-Holstein*
93.8%
Charles, Prince of Wales
Camilla Shand
93.8%
Prince William, Duke of Cambridge
Catherine Middleton
93.6%
Prince Alfred, Duke of Edinburgh, later Duke of Saxe-
Coburg and Gotha
Grand Duchess Maria Alexandrovna of Russia
91.2%
Prince Ernest Augustus, Duke of Brunswick
Princess Viktoria Luise of Prussia*
91%
Prince Albert, Duke of York, later King George VI
Lady Elizabeth Bowes-Lyon
90.5%
Prince Henry, Duke of Gloucester
Lady Alice Montagu Douglas Scott
90.5%
Prince Andrew, Duke of York
Sarah Ferguson
90.3%
Prince George, Duke of Kent
Princess Marina of Greece and Denmark
90%
Albert Edward, Prince of Wales, later King Edward VII
Princess Alexandra of Denmark
89.8%
Prince Adolphus, Duke of Cambridge
Princess Augusta of Hesse-Kassel
89.1%
Prince Henry, Duke of York and Albany
Anne Luttrell
88.6%
Husband
Answer
% Correct
Prince Arthur, Duke of Connaught and Strathearn
Princess Louise Margaret of Prussia
88.4%
Prince George Augustus, Duke of Cornwall and Rothesay, later King George I
Princess Caroline of Brandenburg-Ansbach
85.3%
George, Prince of Wales, later King George IV
Duchess Caroline of Brunswick
85.3%
Prince William Henry, Duke of Gloucester and Edinburgh
Maria Walpole
84.8%
Ernest Augustus, Crown Prince of Hanover
Princess Thyra of Denmark*
84.1%
Prince Ernest Augustus, Duke of Cumberland and Teviotdalte, later King of Hanover
Duchess Frederica of Mecklenburg-Strelitz
83.1%
Prince Edward, Duke of Kent
Katharine Worsley
83.1%
Prince William, Duke of Clarence and St. Andrews, later King William IV
Princess Adelaide of Saxe-Meiningen
78.9%
Prince Leopold, Duke of Albany
Princess Helena of Waldeck and Pyrmont
77.7%
Prince Richard, Duke of Gloucester
Birgitte van Deurs Henriksen
77.2%
Frederick, Prince of Wales
Princess Augusta of Saxe-Gotha
77%
Prince Edward, Duke of Kent and Strathearn
Princess Victoria of Saxe-Coburg-Saalfeld
74.8%
Prince Michael of Kent
Baroness Marie-Christine von Reibnitz
74.1%
Prince Frederick, Duke of York and Albany
Princess Frederica Charlotte of Prussia
70.8%
Prince George, Duke of York, later King George V
Princess Mary of Teck
55.3%
Quiz Playlist
Details
Report
Send in Message
Add To Playlist
More Info:
* indicates that their husband later lost his title
Classic:
Type in answers that appear in a list
Last Updated: Apr 4, 2023
Quiz Scoreboard
CHALLENGE
Sign Up to Join the Scoreboard
Show All
Scores
Hide
Comments
May contain spoilers
Recently Published
9x9 Crossword: Cartoon Network
by jackfrog10
Miscellaneous
3m
College Basketball Coaching Resumes
by pancakes188
Sports
9m
Billboard Blitz: Fleetwood Mac
by CooCooCachoo
Music
15s
More to Explore
Quiz From the Vault
Featured Blog Post
Where Did the Easter Bunny Come From?
hide this ad
You Might Also Like...
Tags
British
marriage
Today's Top Quizzes in History
Browse History
hide this ad
Today's Top Quizzes in marriage
Browse marriage
Top Contributed Quizzes in History
1
Popular People in 1991
2
Popular People in 1981
3
Popular People in 1951
4
Popular People in 1941
5
Popular People in 1986
6
Popular People in 1976
7
Popular People in 1921
8
5-to-1: 20th Century Images of War
9
I Am Born On March 28th
10
Popular People in 1946
Explore More
Trending Topics
NBA
Disney
Marvel
Crossword
Harry Potter
Anime
Kpop
The Office
Soccer
Puzzle
WWE
Country
Song
Pokémon
NFL
hide this ad
More By:
HopeRebron
Quiz
Plays
Rating
Category
Featured
Created
Children of British Monarchs
5,232
5.00
History
Nov 11, 2014
Children of French Monarchs
3,350
3.83
History
Dec 27, 2014
Popular French Royal Baby Names
2,714
4.32
History
Dec 26, 2014
Children of Spanish Monarchs
1,683
3.00
History
Dec 29, 2014
Children of Russian Monarchs
1,612
4.00
History
Jun 27, 2016
Go to Creator's Profile
Score Distribution
Quiz Creator Spotlight
HopeRebron
Follow
Send a Message
Quizzes Created
-
Created Quiz Play Count
-
More By This Creator
Popular Quizzes Today
1
Find the US States - No Outlines Minefield
2
Find the Countries of Europe - No Outlines Minefield
3
The Countries of the World
4
Find the US States
5
Risky Map Clicking: Biggest States A-Z
6
US States
7
Popular People in 1961
8
Movies - When Are They Set?
More History Quizzes
History Books: The Subtitles XIX
Published
Trending Quizzes
Risky Map Clicking: Least Populous States A-Z
1-10 Letter G Words
1-10 Letter F Words
Risky Map Clicking: Next State Alphabetically
Adjectives in 80s TV Shows
Recently Updated
Leaping Animals
pecheneg
Reality TV Shows (A-Z)
bhenderson79
Rickey Henderson's Hall of Fame Teammates
pecheneg
Champions League XIs: Arsenal
pecheneg
Quick Pick: Celebrities in WWE's Hall of Fame
aduchscher
A-Z Keypad Blitz II
pecheneg
Multiple Oscar Actors
pecheneg
Mystery Phrase Blitz: Oscar 'Best Actors'
pecheneg
F. Scott Fitzgerald Novels
LTH
Pick 3 Villains
ddd62291
Trending Topics
NBA
Disney
Anime
Kpop
Harry Potter
Crossword
Marvel
Soccer
WWE
Song
Country
NFL
Pokémon
Puzzle
The Office
Your Account Isn't Verified!
In order to create a playlist on Sporcle, you need to verify the email address you used during registration. Go to your
Sporcle Settings
to finish the process.
Report this User
Report this user for behavior that violates our
Community Guidelines
.
Details:
Send Report
Go to the Sporcle.com Mobile Site →
Comments